000
00320nam a2200121Ia 4500
008
191201s2005 xx 000 0 und d
100
_a
SCOTT, Cherie Carter
245
0
_a
If Love Is a Game, These Are the Rules
260
_a
N.Delhi
_b
Arora Book World
_c
2005
300
_a
253
650
_a
General Books
942
_2
ddc
_c
BK
999
_c
2418
_d
2418